"W/Y" Cities in the United States - Statistics

General Stats
  • This quiz has been taken 49 times
  • The average score is 9 of 15
Answer Stats
State Population Answer % Correct
N/A 689,545 Washington
98%
Kansas 397,532 Wichita
93%
Texas 102,316 Wichita Falls
82%
New York 211,569 Yonkers
82%
Massachusetts 206,518 Worcester
75%
Texas 138,486 Waco
73%
North Carolina 115,451 Wilmington
66%
Michigan 139,387 Warren
59%
North Carolina 249,545 Winston-Salem
59%
Florida 117,415 West Palm Beach
50%
Utah 116,961 West Jordan
45%
Utah 140,230 West Valley City
45%
Colorado 116,317 Westminster
39%
Connecticut 114,403 Waterbury
36%
California 109,501 West Covina
27%
No matching quizzes found
Score Distribution
Percent of People with Each Score
Percentile by Number Answered
Your Score History
You have not taken this quiz